| 000 | 00360nam a2200145Ia 4500 | ||
|---|---|---|---|
| 008 | 240624s9999 xx 000 0 und d | ||
| 041 | _aeng | ||
| 082 | _a658.408 CRA | ||
| 100 | _aCRANE ANDREW | ||
| 245 | _aCORPORATE SOCIAL RESPONSIBILITY READINGS | ||
| 250 | _a(2nd ed.) | ||
| 260 |
_c2014 _aNew York _bRoutledge |
||
| 300 | _a596 p.; 28 cm | ||
| 365 | _cRS | ||
| 999 |
_c28811 _d28811 |
||